Online
Catalog

Bosquejo biográfico del Doctor Joaquín Balaguer / (Record no. 45587)

MARC details
000 -CABECERA
campo de control de longitud fija 00769nam a2200205 a 4500
001 - NÚMERO DE CONTROL
campo de control 000046098
003 - IDENTIFICADOR DEL NÚMERO DE CONTROL
campo de control DO-SdBNP
005 - FECHA Y HORA DE LA ÚLTIMA TRANSACCIÓN
campo de control 20240702114200.0
008 - DATOS DE LONGITUD FIJA--INFORMACIÓN GENERAL
campo de control de longitud fija 150619s1973 dr ab 000 0 spa d
040 ## - FUENTE DE LA CATALOGACIÓN
Centro catalogador/agencia de origen DO-SdBNP
Lengua de catalogación spa
Centro/agencia transcriptor BNPHU
082 ## - NÚMERO DE LA CLASIFICACIÓN DECIMAL DEWEY
Número de clasificación xxxxxxx
Número de documento/Ítem xxxxxxx
100 1# - ENTRADA PRINCIPAL--NOMBRE DE PERSONA
Nombre de persona Lacay Polanco, Ramón,
Fechas asociadas al nombre 1918-1986
9 (RLIN) 23155
245 10 - MENCIÓN DE TÍTULO
Título Bosquejo biográfico del Doctor Joaquín Balaguer /
Mención de responsabilidad, etc. Ramón Lacay Polanco ; director técnico R. A. Font Bernard ; director artístico Aliro Paulino ; fotográfo Natalio Puras.
260 ## - PUBLICACIÓN, DISTRIBUCIÓN, ETC.
Lugar de publicación, distribución, etc. Santo Domingo :
Nombre del editor, distribuidor, etc. Alpa,
Fecha de publicación, distribución, etc. 1973.
300 ## - DESCRIPCIÓN FÍSICA
Extensión 200 p. :
Otras características físicas il., maps. ;
Dimensiones 28 cm.
700 1# - PUNTO DE ACCESO ADICIONAL--NOMBRE DE PERSONA
Nombre de persona Font Bernard, R. A.,
Término indicativo de función/relación dir. tec.
9 (RLIN) 17078
700 1# - PUNTO DE ACCESO ADICIONAL--NOMBRE DE PERSONA
Nombre de persona Paulino, Aliro,
Término indicativo de función/relación dir. art.
9 (RLIN) 35311
700 1# - PUNTO DE ACCESO ADICIONAL--NOMBRE DE PERSONA
Nombre de persona Puras, Natalio,
Término indicativo de función/relación fot.
9 (RLIN) 74165
942 ## - ELEMENTOS DE PUNTO DE ACCESO ADICIONAL (KOHA)
Fuente del sistema de clasificación o colocación Dewey Decimal Classification
Tipo de ítem Koha Libro
Holdings
Estado de retiro Estado de pérdida No para préstamo Código de colección Localización permanente Ubicación/localización actual Ubicación en estantería Fecha de adquisición Número de inventario Total de préstamos Signatura topográfica completa Código de barras Fecha visto por última vez Precio válido a partir de Tipo de ítem Koha Nota pública
    Excluido de préstamo Patrimonio Dominicano Patrimonio Dominicano Patrimonio Dominicano Depósito 19.06.2015 LF1   xxxxxxx xxxxxxx 46098-10 25.06.2020 25.06.2020 Libro y Folleto Colección Patrimonio Dominicano Perteneció a la biblioteca personal de Carmen Herrera.

Powered by Koha